00979nam a22002177a 4500001001000000003000500010005001700015008004100032010001000073011001000083035001000093040000900103082002200112100002600134245005400160260004700214300001600261500042400277650002800701650003200729000047269CHAP20220329140040.0971013s1963 r 00010 d a46209 a47181 a51323 cCHAP a382.098bU55 195800aUnión Panamericana. 0aComercio internacional de América Latina, 1958. aWashington :bUnión Panamericana,c1963. a4 v. y sup. aLa biblioteca tiene: v.1 Resumen del comercio de América Latina con el mundo.- v.2 Comercio de América Latina de productos seleccionados de la CUCI con el hemisferio occidental.- v.3 B. Comercio de América latina de productores seleccionados de la CU -- v.4 Comercio de América Latina de productos seleccionados de la CUCI con el resto del mundo: Europa Oriental, Rusia, Africa, Medio Oriente, Asia y Oceanía.14aComercio internacional.14aComercioxAmérica Latina.